| 000 | 00595nam a2200241Ia 4500 | ||
|---|---|---|---|
| 003 | OSt | ||
| 005 | 20220924151055.0 | ||
| 006 | a|||||r|||| 00| 0 | ||
| 007 | ta | ||
| 008 | 220923b |||||||| |||| 00| 0 tel d | ||
| 020 | _c18 | ||
| 024 | _a335956 | ||
| 037 | _cTextual | ||
| 040 |
_aARTS _cARTS _btel |
||
| 041 |
_2tel _atel |
||
| 082 | _aO35,3NPA4,1, M4 | ||
| 100 |
_aHota Padmini Devi _9223502 |
||
| 245 | 0 | _aJanaki pelli | |
| 260 | _c1984 | ||
| 650 | _aTELUGU FICTION | ||
| 942 |
_hO35,3NPA4,1, M4 _cTEXL _2CC |
||
| 999 |
_c465429 _d465429 |
||